00669cam a22001933 450000500170000000800410001702000180005804000560007604100080013210000310014024501080017126000380027930000180031749000250033550000210036065000260038165000310040765000370043820140903175017.0111019s2011 sp frn 001 0 spa d a9788492924936 aCO-BoUCMbspacJavier GarzóndAldemar Mondragón0 aspa1 aAlonso Rodríguez, Carlos13aLas claves de la comunicación en la empresabvende más comunicando mejorcCarlos Alonso Rodríguez aMadrid (España)bAlmuzarac2011 a149 páginas0 aEconomía y empresa aIncluye índice 7aCambio organizacional 7aComunicación empresarial 7aComunicaciónxAdministración